| 000 | 00790nam a2200217Ia 4500 | ||
|---|---|---|---|
| 999 |
_c7697 _d7697 |
||
| 003 | OSt | ||
| 005 | 20200122094602.0 | ||
| 008 | 190216s9999||||xx |||||||||||||| ||und|| | ||
| 020 | _a9780070671065 | ||
| 020 | _a0070671060 | ||
| 040 | _coclc | ||
| 082 |
_a658.049 _bBAL/I |
||
| 100 |
_a Ball, Donald A _91303 |
||
| 245 | 0 |
_aInternational Business : _bThe Challenge Of Global Competition / _cDonald A Ball ; Wendell H McCulloch ; J Michael Geringer |
|
| 250 | _a11th ed. | ||
| 260 |
_bTata Mcgraw-Hill Education Private Limited, _c2009. _aNew Delhi: |
||
| 300 | _a670p | ||
| 650 |
_vInternational business enterprises _xManagement _2International economic relations |
||
| 654 | _xInternational economic relations | ||
| 942 |
_cBK _2ddc _h658.049 _iBAL/I _k658.049 _mBAL/I |
||